Capitales de Provincias Españolas por días de Helada - Estadísticas

Estadísticas generales
  • Esta prueba ha sido intentada 29 veces
  • La puntuación promedio es 45 de 52
Estadísticas de respuestas
Días de Helada al Año Ciudad % Correcto
0 Almería
95%
18,90 Badajoz
95%
11,60 Cáceres
95%
15,50 Córdoba
95%
5,50 Murcia
95%
9,10 Oviedo
95%
1,80 Pontevedra
95%
6,20 Santander
95%
3,80 Barcelona
91%
9,60 Bilbao
91%
80,90 Burgos
91%
35,40 Ciudad Real
91%
7,10 Donostia / San Sebastián
91%
31,60 Granada
91%
1,80 Huelva
91%
34,20 Huesca
91%
3,60 Jaén
91%
49,60 Lugo
91%
51,80 Madrid
91%
0 Palma de Mallorca
91%
76,80 Salamanca
91%
83,30 Soria
91%
4,50 Tarragona
91%
23,10 Zaragoza
91%
52,30 Albacete
86%
0,90 Alicante
86%
87,50 Ávila
86%
62,20 Cuenca
86%
83 Guadalajara
86%
0,10 La Coruña
86%
71,60 León
86%
29,20 Logroño
86%
70,30 Palencia
86%
39,30 Pamplona / Iruña
86%
3,20 Sevilla
86%
94,90 Teruel
86%
35,50 Toledo
86%
56,20 Valladolid
86%
48,30 Zamora
86%
0 Cádiz
82%
41,30 Gerona
82%
0 Las Palmas de Gran Canaria
82%
41,60 Lérida
82%
0,20 Málaga
82%
53,10 Segovia
82%
0,50 Valencia
82%
0 Ceuta
77%
0 Melilla
77%
0 Santa Cruz de Tenerife
77%
1,60 Castellón de La Plana
68%
27,30 Orense
68%
49,40 Vitoria-Gasteiz
59%
No se encontraron pruebas coincidentes
Distribución de puntuación
Porcentaje de gente con cada puntuación
Porcentaje por número respondido
Historial de tus puntuaciones
No has intentado esta prueba.